Stolice stanów w USA najbliżej Missisipi - Statystyki

Ogólne statystyki
  • Ten quiz został rozwiązany 7 razy
  • Średni wynik to 3 z 10
Statystyki odpowiedzi
Stolica Kilometry % Poprawnych
Baton Rouge 0
80%
Jackson 55
80%
Des Moines 204
40%
Jefferson City 127
20%
Little Rock 127
20%
Nashville 201
20%
Indianapolis 338
0%
Madison 101
0%
Saint Paul 0
0%
Springfield 101
0%
Nie znaleziono quizów pasujących do podanych kryteriów
Rozkład punktacji
Procent ludzi z każdym wynikiem
Percentyl według liczby udzielonych odpowiedzi
Twoja historia wyników
Nie rozwiązałeś tego quizu